Normal view
MARC view
- Sidra Shaheen Syed
Entry Personal Name
001 - CONTROL NUMBER
- control field: 98924
003 - CONTROL NUMBER IDENTIFIER
- control field: NUST
005 - DATE AND TIME OF LATEST TRANSACTION
- control field: 20220913163254.0
008 - FIXED-LENGTH DATA ELEMENTS
- fixed length control field: 220913|| aca||aabn | a|a d
040 ## - CATALOGING SOURCE
- Original cataloging agency: NUST
- Transcribing agency: NUST
100 ## - HEADING--PERSONAL NAME
- Personal name: Sidra Shaheen Syed
670 ## - SOURCE DATA FOUND
- Source citation: Work cat.: (NUST)13306: Sidra Shaheen Syed, Design of randomized space-time block codes for cooperative multi-hop strip-shaped networks, 2015
